00394nam a2200097Ia 4500008004100000245006900041260008400110300001800194650001400212856007000226160712s9999 xx 000 0 und d aMonico Atienza, Dakilang Pantas ng Kilusang Pambansa-Demokratiko c2015bLagda: Journal ng U.P. Departamento ng Filipino at Panitikan ng Pilipinas avol. 10 no. 1 xPANITIKAN uhttp://journals.upd.edu.ph/index.php/lagda/issue/view/545/showToc